000 00965cam a22002297a 4500
003 MX-MxUPN
005 20240224063757.0
008 230816s mx| |||frm||| 000 0 spa d
040 _aMX-MxUPN
_bspa
050 4 _aLB1731
_bL56 1984
100 1 _949900
_aLimón Domínguez, Gerardo Arturo
245 1 3 _aLa formación y capacitación de promotores culturales bilingües :
_buna alternativa para la educación indígena en la sierra tarahumara
260 _aMéxico, D.F.,
_c1984
300 _a116 hojas
502 _aTesis (Maestría en Psicología Educativa) -- Universidad Nacional Autónoma de México, Facultad de Psicología.
650 4 _aMaestros en servicio, Formación de
_zMéxico
_9882
650 7 _949899
_aPromotores en educación
_xCapacitación
_zMéxico
650 2 _aTarahumaras
_xEducación
_914006
650 7 _949901
_aEducación bilingüe
_zTarahumara, Sierra de
902 _aLC16082023
_bVíctorGodínez/070923
942 _2lcc
_cLIBRO
999 _c210063
_d210063